[Event "XII Festival Golfo di Napoli"]
[Site "Napoli ITA"]
[Date "1998.10.??"]
[Round "?"]
[White "Pagano, Luigi"]
[Black "Schiappoli, Dario"]
[Result "1-0"]
[WhiteElo "1842"]
[BlackElo "1836"]
[PlyCount "65"]
[EventDate "1998.10.25"]

1. d4 Nf6 2. c4 g6 3. Nf3 Bg7 4. e4 d6 5. Nc3 O-O 6. Be2 e5 7. O-O Nc6 8. d5
Ne7 9. Ne1 Nd7 10. Be3 f5 11. f3 f4 12. Bf2 g5 13. Nd3 a6 14. c5 Ng6 15. cxd6
cxd6 16. Na4 b5 17. Nb6 Rb8 18. Nxc8 Rxc8 19. Nb4 Qa5 20. g3 Kh8 21. Rc1 Rxc1
22. Qxc1 Rc8 23. Qd2 Ne7 24. Rc1 Nc5 25. Bxc5 dxc5 26. d6 Nc6 27. Rxc5 Qb6 28.
Qd5 Nd8 29. Nd3 Bf8 30. Qxe5+ Kg8 31. Qxg5+ Bg7 32. Kf1 Qxc5 33. Nxc5 1-0

[Event "XII Festival Golfo di Napoli"]
[Site "Napoli ITA"]
[Date "1998.10.??"]
[Round "?"]
[White "Saccone, Fabio"]
[Black "Calabro', Marco"]
[Result "1-0"]
[WhiteElo "2325"]
[BlackElo "2110"]
[PlyCount "57"]
[EventDate "1998.10.25"]

1. c4 Nf6 2. Nc3 c6 3. d4 d5 4. e3 e6 5. Nf3 Nbd7 6. Be2 Be7 7. O-O O-O 8. Qc2
dxc4 9. Bxc4 b5 10. Bd3 a6 11. e4 g6 12. e5 Ne8 13. Ne4 Qb6 14. Be3 Bb7 15. d5
c5 16. d6 Nxd6 17. exd6 Bxd6 18. Nxd6 Bxf3 19. Ne4 Bxe4 20. Bxe4 Rac8 21. Rfd1
Nf6 22. b4 Qb8 23. Bxc5 Ng4 24. g3 f5 25. Qe2 Rfe8 26. Bf3 Nf6 27. Rd6 Kg7 28.
Rxa6 e5 29. Ra8 1-0

[Event "XII Festival Golfo di Napoli"]
[Site "Napoli ITA"]
[Date "1998.10.??"]
[Round "?"]
[White "Schiappoli, Dario"]
[Black "Collutiis, Duilio"]
[Result "0-1"]
[WhiteElo "1836"]
[BlackElo "2185"]
[PlyCount "72"]
[EventDate "1998.10.25"]

1. e4 c5 2. b4 cxb4 3. a3 d5 4. e5 Bf5 5. d4 Nc6 6. axb4 Nxb4 7. Bb5+ Nc6 8. c3
e6 9. Ne2 a6 10. Bd3 Bxd3 11. Qxd3 Nge7 12. Ng3 h5 13. h4 Ng6 14. Bg5 Be7 15.
f4 Bxg5 16. fxg5 Qb6 17. Nd2 Rc8 18. Rb1 Qa7 19. Qf3 b5 20. Nxh5 Rh7 21. Nxg7+
Rxg7 22. Qf6 Rg8 23. h5 Nf8 24. h6 Nh7 25. Qf4 b4 26. Nf3 bxc3 27. O-O Nd8 28.
Qe3 Qe7 29. Qd3 Nxg5 30. h7 Rh8 31. Qxa6 Nxf3+ 32. Rxf3 c2 33. Rc1 Rc6 34. Qa3
Rxh7 35. Rxc2 Qd7 36. Rg3 Rh8 0-1

[Event "XII Festival Golfo di Napoli"]
[Site "Napoli ITA"]
[Date "1998.10.??"]
[Round "?"]
[White "Schiappoli, Dario"]
[Black "D'Orta, Antonio"]
[Result "1-0"]
[WhiteElo "1836"]
[BlackElo "1873"]
[PlyCount "39"]
[EventDate "1998.10.25"]

1. e4 c5 2. Nf3 Nf6 3. Bc4 e6 4. e5 Nd5 5. Bxd5 exd5 6. Nc3 d6 7. Qe2 Be6 8. d4
Nc6 9. Bg5 Be7 10. Bxe7 Qxe7 11. exd6 Qxd6 12. Nb5 Qe7 13. dxc5 O-O 14. O-O
Qxc5 15. Nc7 Rad8 16. Nxe6 fxe6 17. Qxe6+ Kh8 18. Ng5 Qe7 19. Qxe7 Nxe7 20. Ne6
1-0

[Event "XII Festival Golfo di Napoli"]
[Site "Napoli ITA"]
[Date "1998.10.??"]
[Round "?"]
[White "Schiappoli, Dario"]
[Black "Improta, Giovanni"]
[Result "1-0"]
[WhiteElo "1836"]
[BlackElo "1663"]
[PlyCount "81"]
[EventDate "1998.10.25"]

1. e4 c6 2. d4 d5 3. Nc3 Be6 4. e5 Bf5 5. Bd3 Bxd3 6. Qxd3 e6 7. Be3 Ne7 8. f4
Nf5 9. Bf2 h5 10. Nge2 Be7 11. O-O-O Qa5 12. g3 Na6 13. Kb1 b5 14. Nc1 Qb6 15.
Nb3 Nb4 16. Qe2 a5 17. h3 g6 18. g4 Ng7 19. Qe1 h4 20. Rf1 Na6 21. Qe3 a4 22.
Nc5 Nxc5 23. dxc5 Qa5 24. Ne2 b4 25. Rd3 b3 26. cxb3 axb3 27. a3 Rb8 28. Rxb3
Rxb3 29. Qxb3 O-O 30. Qc3 Qb5 31. Re1 Qa4 32. Qc2 Qa7 33. Rc1 Rb8 34. Ka2 Rb4
35. Qd3 Ra4 36. Nd4 Qb7 37. f5 Bg5 38. Rc2 Bf4 39. fxe6 fxe6 40. Qxg6 Bxe5 41.
Nxe6 1-0

[Event "C.to Mondiale U12"]
[Site "Oropesa del Mar ESP"]
[Date "1998.10.25"]
[Round "1"]
[White "Bernasek, Jan"]
[Black "Lain, Luigi"]
[Result "1-0"]
[WhiteElo "2170"]
[BlackElo "1609"]
[PlyCount "51"]
[EventDate "1998.10.25"]

1. e4 e5 2. Nf3 Nc6 3. Bc4 Bc5 4. c3 d6 5. O-O h6 6. d4 exd4 7. cxd4 Bb6 8. h3
Nf6 9. Nc3 O-O 10. Bb3 Re8 11. Bc2 a6 12. Bd3 Ba5 13. Nd2 Bb6 14. Nb3 Na5 15.
Nxa5 Bxa5 16. f3 Bb6 17. f4 Nxe4 18. Nxe4 d5 19. f5 f6 20. Qg4 dxe4 21. Bxh6
Bxd4+ 22. Kh1 Qe7 23. Bc4+ Kf8 24. Bf4 c5 25. Qh5 Qd7 26. Bd6+ 1-0

[Event "C.to Mondiale U12"]
[Site "Oropesa del Mar ESP"]
[Date "1998.10.30"]
[Round "5"]
[White "Pulito, Alberto"]
[Black "Bellaiche, Anthony"]
[Result "1-0"]
[WhiteElo "1774"]
[BlackElo "2130"]
[PlyCount "91"]
[EventDate "1998.10.25"]

1. e4 c5 2. c3 Nf6 3. e5 Nd5 4. d4 cxd4 5. Nf3 e6 6. cxd4 b6 7. Bc4 Bb7 8. O-O
Qc7 9. Bb3 d6 10. Re1 Nd7 11. Bxd5 Bxd5 12. Nc3 Bb7 13. Bf4 dxe5 14. Nxe5 Nxe5
15. Bxe5 Qd7 16. d5 Be7 17. dxe6 Qxe6 18. Bd6 O-O-O 19. Rxe6 fxe6 20. Nb5 Bxd6
21. Nxd6+ Kb8 22. Qd2 e5 23. Qb4 Rd7 24. Nxb7 Rxb7 25. Qd6+ Ka8 26. Qxe5 Rc8
27. Qe4 Kb8 28. g3 g6 29. Qf4+ Ka8 30. Rc1 Rxc1+ 31. Qxc1 a6 32. Qc6 Ka7 33.
Kg2 Rf7 34. Qe6 Rc7 35. Kf3 Rb7 36. Ke4 Rc7 37. Qd6 Rg7 38. Ke5 Rb7 39. Ke6 Ka8
40. h4 Rg7 41. Qf8+ Kb7 42. Qxg7+ Kc6 43. Qxh7 Kb5 44. Qxg6 Ka5 45. Qf5+ b5 46.
Qc5 1-0

[Event "C.to Mondiale U12"]
[Site "Oropesa del Mar ESP"]
[Date "1998.10.31"]
[Round "6"]
[White "Pulito, Alberto"]
[Black "Volokitin, Andrei"]
[Result "0-1"]
[WhiteElo "1774"]
[BlackElo "2240"]
[PlyCount "52"]
[EventDate "1998.10.25"]

1. e4 d5 2. exd5 Nf6 3. d4 Bg4 4. Be2 Bxe2 5. Nxe2 Qxd5 6. O-O e6 7. Nf4 Qd7 8.
c3 c5 9. Be3 cxd4 10. cxd4 Bd6 11. Nc3 O-O 12. Nfe2 Nc6 13. Bg5 Nd5 14. Nxd5
exd5 15. Be3 Rfe8 16. Nc3 Bc7 17. Qf3 Rad8 18. Rad1 Bb6 19. b3 h6 20. Na4 Re4
21. Nxb6 axb6 22. Qg3 f5 23. h4 f4 24. Bxf4 Nxd4 25. Rxd4 Rxd4 26. Bxh6 Rg4 0-1

[Event "C.to Mondiale U12"]
[Site "Oropesa del Mar ESP"]
[Date "1998.11.01"]
[Round "7"]
[White "Borisek, Jure"]
[Black "Pulito, Alberto"]
[Result "1-0"]
[WhiteElo "2215"]
[BlackElo "1774"]
[PlyCount "121"]
[EventDate "1998.10.25"]

1. e4 e6 2. d4 d5 3. e5 c5 4. c3 Qb6 5. Nf3 Bd7 6. Be2 cxd4 7. cxd4 Bb5 8. O-O
Bxe2 9. Qxe2 Nc6 10. Nc3 a6 11. Be3 Nge7 12. Rad1 h5 13. h3 h4 14. Ng5 Rd8 15.
g4 Rd7 16. f4 g6 17. Rd2 Na5 18. b3 Qc6 19. Rc2 Qb6 20. Na4 Qb5 21. Qf2 Nac6
22. Rfc1 a5 23. Rc3 Rd8 24. Kg2 Bg7 25. Qd2 Qb4 26. Qd3 Qa3 27. Nc5 Qb4 28.
Ngxe6 fxe6 29. Nxe6 Bh6 30. Nxd8 Kxd8 31. Rc5 Qb6 32. f5 Bxe3 33. Qxe3 gxf5 34.
gxf5 Rg8+ 35. Kh2 Nxf5 36. Rxd5+ Kc8 37. Qe4 Nfe7 38. Rdc5 Kb8 39. d5 Nb4 40.
d6 Nec6 41. e6 Na6 42. R5c2 Qb4 43. Qxb4 Naxb4 44. Re2 Kc8 45. a3 Nd5 46. Re5
Nf4 47. Rxa5 Kb8 48. Rxc6 bxc6 49. e7 Ng6 50. Rg5 Nxe7 51. dxe7 Re8 52. Re5 Kc7
53. Kg2 Kd6 54. Re4 Kd5 55. Re1 Kd4 56. Kf3 Kc3 57. Re3+ Kd4 58. Kf4 c5 59. a4
c4 60. bxc4 Kxc4 61. Re5 1-0

[Event "C.to Mondiale U12"]
[Site "Oropesa del Mar ESP"]
[Date "1998.11.05"]
[Round "10"]
[White "Cheparinov, Ivan"]
[Black "Pulito, Alberto"]
[Result "1-0"]
[WhiteElo "2110"]
[BlackElo "1774"]
[PlyCount "187"]
[EventDate "1998.10.25"]

1. e4 e6 2. d4 d5 3. Nd2 Nf6 4. e5 Nfd7 5. c3 c5 6. f4 Nc6 7. Ndf3 Qb6 8. a3 c4
9. g4 g6 10. Ne2 Na5 11. Bg2 Qb3 12. Qd2 Qa4 13. O-O Nb6 14. Qe3 Bh6 15. Ng3
Bd7 16. Ne1 O-O-O 17. Qe2 Nb3 18. Rb1 Rdf8 19. Be3 Rhg8 20. Nf3 Qc6 21. h4 Qc7
22. Ng5 Bxg5 23. hxg5 Bb5 24. Kf2 Nd7 25. Rh1 Rh8 26. Rh6 Rd8 27. f5 Nf8 28.
Qf3 Re8 29. Rf1 Nd7 30. Rfh1 Nf8 31. Bf1 Ba6 32. Kg1 Kb8 33. R1h2 Kc8 34. Ne2
Bb5 35. Nc1 Ba4 36. R6h3 Kb8 37. Qf4 Kc8 38. Rf2 Kb8 39. Rhf3 Re7 40. fxe6 fxe6
41. Qh2 Nd7 42. Rf7 Nb6 43. Rf8+ Rxf8 44. Rxf8+ Re8 45. Rf2 Nxc1 46. Bxc1 Qe7
47. Qf4 Kc7 48. Be2 Nd7 49. Qd2 Rf8 50. Rxf8 Qxf8 51. Qf4 Qxf4 52. Bxf4 Kb6 53.
Kf2 Kb5 54. Ke1 Bb3 55. Bc1 Ka4 56. Kd2 Nb8 57. Bf3 Nc6 58. Be2 Nd8 59. Bf3 Nf7
60. Bg2 Nxg5 61. Ke2 Nf7 62. Bf4 Nd8 63. Bg5 Nc6 64. Kd2 Ka5 65. Bf6 Kb6 66.
Bf3 Kc7 67. Ke3 Kd7 68. Kf4 Ke8 69. Kg5 Kf7 70. Kh6 Kg8 71. Bg2 Bc2 72. Kg5 b5
73. Bh3 a5 74. Kf4 Kf7 75. Bg5 b4 76. axb4 axb4 77. Ke3 bxc3 78. bxc3 Na7 79.
Kd2 Bd3 80. Bg2 Nb5 81. Bf3 Na3 82. Kc1 Nb1 83. Kb2 Kg7 84. Bf6+ Kf7 85. Bg5
Kg8 86. Bc1 Kf7 87. g5 Bf5 88. Bd1 Kg7 89. Bc2 Bxc2 90. Kxc2 Na3+ 91. Bxa3 h5
92. Bc1 Kf7 93. Kb2 Ke7 94. Ka3 1-0

[Event "C.to Mondiale U12"]
[Site "Oropesa del Mar ESP"]
[Date "1998.11.06"]
[Round "11"]
[White "Alavi Moghaddam, Sayed Javad"]
[Black "Pulito, Alberto"]
[Result "1-0"]
[WhiteElo "2260"]
[BlackElo "1774"]
[PlyCount "53"]
[EventDate "1998.10.25"]

1. e4 e6 2. d4 d5 3. Nc3 dxe4 4. Nxe4 Nd7 5. Bd3 Ngf6 6. Qe2 Be7 7. Nf3 Nxe4 8.
Bxe4 Rb8 9. O-O Nf6 10. Bd3 O-O 11. Bg5 b6 12. Rad1 Bb7 13. c3 h6 14. Bh4 Nd5
15. Bg3 Bd6 16. Ne5 Qe7 17. Bb1 Rfe8 18. c4 Nf6 19. Bh4 g5 20. Bg3 h5 21. h4 g4
22. Qe3 Qf8 23. Bf4 Qe7 24. Bg5 a5 25. Nd7 Qxd7 26. Bxf6 Rec8 27. Qh6 1-0

[Event "C.to Mondiale U14"]
[Site "Oropesa del Mar ESP"]
[Date "1998.10.25"]
[Round "1"]
[White "Buchicchio, Giampaolo"]
[Black "Bu, Xiangzhi"]
[Result "0-1"]
[WhiteElo "1618"]
[BlackElo "2290"]
[PlyCount "50"]
[EventDate "1998.10.25"]

1. e4 c5 2. Nf3 Nc6 3. d4 cxd4 4. c3 d5 5. e5 dxc3 6. Nxc3 Bg4 7. Bb5 a6 8. Ba4
b5 9. Bb3 e6 10. Bf4 Nge7 11. Bg3 Nf5 12. Bf4 Nh4 13. O-O Bxf3 14. gxf3 Nd4 15.
Kh1 Nhxf3 16. Qd3 Qh4 17. Bg3 Qh3 18. Rad1 Nxh2 19. Bxh2 Nf3 20. Qxf3 Qxf3+ 21.
Kg1 h5 22. Bc2 Rh6 23. Rfe1 Bc5 24. Re2 h4 25. b4 h3 0-1

[Event "C.to Mondiale U14"]
[Site "Oropesa del Mar ESP"]
[Date "1998.10.25"]
[Round "1"]
[White "Izoria, Zviad"]
[Black "Drabke, Lorenz Maximilian"]
[Result "1-0"]
[WhiteElo "2250"]
[BlackElo "1906"]
[PlyCount "51"]
[EventDate "1998.10.25"]

1. d4 Nf6 2. Nf3 c5 3. d5 e6 4. Nc3 exd5 5. Nxd5 Nxd5 6. Qxd5 Be7 7. Bg5 O-O 8.
e3 Nc6 9. c3 d6 10. O-O-O Be6 11. Bxe7 Qxe7 12. Qxd6 Qxd6 13. Rxd6 Bxa2 14. Bb5
Rfd8 15. Rxd8+ Nxd8 16. Rd1 a6 17. Ba4 Be6 18. Ng5 Rc8 19. Bd7 Rc7 20. Ba4 Rc8
21. Ne4 Kf8 22. Nxc5 Rxc5 23. Rxd8+ Ke7 24. Rd4 Bd5 25. b4 Rxc3+ 26. Kb2 1-0

[Event "C.to Mondiale U14"]
[Site "Oropesa del Mar ESP"]
[Date "1998.10.30"]
[Round "5"]
[White "Glinert, Stephen"]
[Black "Drabke, Lorenz Maximilian"]
[Result "1-0"]
[WhiteElo "2210"]
[BlackElo "1906"]
[PlyCount "71"]
[EventDate "1998.10.25"]

1. e4 c5 2. Nc3 e6 3. g3 Nc6 4. Bg2 a6 5. d3 Nge7 6. Be3 Nd4 7. Qd2 Nec6 8.
Nce2 d6 9. c3 Nxe2 10. Nxe2 Be7 11. O-O O-O 12. f4 b5 13. g4 Re8 14. f5 Ne5 15.
h3 Rb8 16. Nf4 Bg5 17. Nh5 Bxe3+ 18. Qxe3 exf5 19. gxf5 f6 20. d4 Nc4 21. Qg3
Qe7 22. b3 Qf7 23. bxc4 Qxh5 24. Qxd6 Bb7 25. cxb5 cxd4 26. bxa6 Rbd8 27. Qb6
Ba8 28. cxd4 Rb8 29. Qc7 Rb2 30. Qg3 Bxe4 31. Bxe4 Rxe4 32. Rab1 Ree2 33. Rxb2
Rxb2 34. a7 Qe8 35. Qf3 Rxa2 36. Qd5+ 1-0

[Event "C.to Mondiale U14"]
[Site "Oropesa del Mar ESP"]
[Date "1998.11.04"]
[Round "9"]
[White "Zawadzki, Stanislaw"]
[Black "Drabke, Lorenz Maximilian"]
[Result "1-0"]
[WhiteElo "2245"]
[BlackElo "1906"]
[PlyCount "151"]
[EventDate "1998.10.25"]

1. e4 c5 2. c3 d6 3. d4 Nf6 4. Bd3 cxd4 5. cxd4 e5 6. Ne2 Be7 7. O-O O-O 8.
Nbc3 Nbd7 9. a4 b6 10. f3 Bb7 11. Bc4 exd4 12. Nxd4 d5 13. Bxd5 Nxd5 14. exd5
Nf6 15. Nf5 Bb4 16. Bg5 Qd7 17. Nh6+ gxh6 18. Bxf6 Bxc3 19. Bxc3 Qxd5 20. Qc1
Qg5 21. Bd2 Qc5+ 22. Qxc5 bxc5 23. Bxh6 Rfe8 24. Bd2 Rad8 25. Bc3 Bc6 26. a5
Bb5 27. Rfe1 Bd3 28. Kf2 h6 29. g3 a6 30. f4 Kh7 31. Rad1 c4 32. Re5 Rxe5 33.
fxe5 Kg6 34. Ke3 Kf5 35. h3 h5 36. Rd2 Ke6 37. Kf4 Rg8 38. Rd1 Rg6 39. Rg1 Kd5
40. g4 hxg4 41. hxg4 Rh6 42. Rg2 Rh7 43. Rf2 Rh6 44. Kg3 Ke6 45. Rf4 Rg6 46.
Kh4 Rh6+ 47. Kg5 Rg6+ 48. Kh5 Be2 49. Kh4 Rh6+ 50. Kg3 Rg6 51. Kh3 Rh6+ 52. Kg2
Rg6 53. Kg3 Bd3 54. Kf3 Rh6 55. Ke3 Rg6 56. b4 Bc2 57. Rxc4 Ba4 58. Kf4 Bd7 59.
g5 Rg8 60. Rd4 Bb5 61. Rd6+ Ke7 62. Bd4 Rg6 63. Rd5 Ke6 64. Rd8 Ke7 65. Rb8 Rc6
66. Bc5+ Kd7 67. Rf8 Bc4 68. Ke4 Rc8 69. Rxc8 Kxc8 70. Kd4 Bf1 71. e6 fxe6 72.
g6 e5+ 73. Kxe5 Kd7 74. Kf6 Bd3 75. Kf7 Bc4+ 76. Kf8 1-0

[Event "C.to Mondiale U16 femminile"]
[Site "Oropesa del Mar ESP"]
[Date "1998.10.25"]
[Round "1"]
[White "Matnadze, Ana"]
[Black "De Maio, Anna"]
[Result "1-0"]
[WhiteElo "2280"]
[BlackElo "1489"]
[PlyCount "31"]
[EventDate "1998.10.25"]

1. d4 g6 2. Nf3 Bg7 3. g3 d6 4. Bg2 c6 5. O-O Nd7 6. c4 Ngf6 7. Nc3 Qc7 8. e4
O-O 9. h3 a6 10. Be3 Rb8 11. Rc1 b5 12. cxb5 axb5 13. e5 dxe5 14. dxe5 Nxe5 15.
Nxe5 Qxe5 16. Bf4 1-0

[Event "C.to Mondiale U18"]
[Site "Oropesa del Mar ESP"]
[Date "1998.10.25"]
[Round "1"]
[White "Mariano, Elia"]
[Black "Acs, Peter"]
[Result "0-1"]
[WhiteElo "2250"]
[BlackElo "2500"]
[PlyCount "54"]
[EventDate "1998.10.25"]

1. d4 Nf6 2. c4 e6 3. Nc3 Bb4 4. Qc2 O-O 5. a3 Bxc3+ 6. Qxc3 b6 7. Bg5 Bb7 8.
e3 d6 9. Nf3 Nbd7 10. Bd3 h6 11. Bh4 Rc8 12. O-O c5 13. Rac1 Qc7 14. Rfd1 cxd4
15. Nxd4 a6 16. b4 Rfe8 17. Nb3 Ne5 18. Bg3 Qc6 19. Bf1 Ne4 20. Qd4 f6 21. Bxe5
fxe5 22. Qd3 Ng5 23. Rd2 Rf8 24. Rcc2 Rf6 25. c5 Rcf8 26. Kh1 Nh3 27. f3 Rxf3
0-1

[Event "C.to Mondiale U18"]
[Site "Oropesa del Mar ESP"]
[Date "1998.10.31"]
[Round "6"]
[White "Mariano, Elia"]
[Black "Stevic, Hrvoje"]
[Result "0-1"]
[WhiteElo "2250"]
[BlackElo "2465"]
[PlyCount "54"]
[EventDate "1998.10.25"]

1. d4 d5 2. c4 dxc4 3. e4 e5 4. Nf3 exd4 5. Nxd4 Bc5 6. Be3 Nf6 7. Nc3 Ng4 8.
Nc6 Qxd1+ 9. Rxd1 Bd6 10. Nxb8 Nxe3 11. fxe3 Rxb8 12. Bxc4 Be5 13. O-O Be6 14.
Bxe6 fxe6 15. Nb5 Ke7 16. b4 Rhf8 17. g3 Rxf1+ 18. Kxf1 a5 19. Rc1 c6 20. Rc5
Kf6 21. Na3 axb4 22. Nc4 Bc3 23. e5+ Ke7 24. Nd6 Bxe5 25. Nxb7 Rxb7 26. Rxe5
Ra7 27. Rc5 Rxa2 0-1

[Event "C.to Mondiale U18"]
[Site "Oropesa del Mar ESP"]
[Date "1998.11.02"]
[Round "8"]
[White "Mariano, Elia"]
[Black "Perelshteyn, Eugene"]
[Result "1/2-1/2"]
[WhiteElo "2250"]
[BlackElo "2415"]
[PlyCount "60"]
[EventDate "1998.10.25"]

1. d4 Nf6 2. c4 g6 3. Nc3 Bg7 4. e4 d6 5. Bd3 O-O 6. Nge2 e5 7. d5 a5 8. O-O
Na6 9. h3 Bd7 10. Be3 c6 11. Rc1 cxd5 12. cxd5 Nc5 13. Bc2 b5 14. f3 Ne8 15. a3
Na6 16. Bd3 Nac7 17. b4 a4 18. Qd2 Rb8 19. Bb1 Na8 20. Ba2 Nb6 21. Rc2 Rc8 22.
Rfc1 Nc4 23. Bxc4 Rxc4 24. Nd1 Rxc2 25. Rxc2 Qb8 26. Bf2 Nc7 27. Qe3 Na8 28.
Qa7 Qxa7 29. Bxa7 Rc8 30. Rxc8+ Bxc8 1/2-1/2

[Event "C.to Mondiale U18"]
[Site "Oropesa del Mar ESP"]
[Date "1998.11.04"]
[Round "9"]
[White "Jensson, Einar Hjalti"]
[Black "Mariano, Elia"]
[Result "1-0"]
[WhiteElo "2185"]
[BlackElo "2250"]
[PlyCount "99"]
[EventDate "1998.10.25"]

1. e4 c6 2. d4 d5 3. f3 dxe4 4. fxe4 e5 5. Nf3 exd4 6. Bc4 Be7 7. O-O Nf6 8.
Ng5 O-O 9. Nxf7 Rxf7 10. Bxf7+ Kxf7 11. e5 Qd5 12. exf6 Bxf6 13. c3 d3 14. Qb3
Qxb3 15. axb3 Bg4 16. Bg5 Nd7 17. c4 Nc5 18. Bxf6 gxf6 19. Nd2 Re8 20. Rae1 Re2
21. Nf3 Bxf3 22. gxf3 Rxb2 23. Rb1 Rxb3 24. Rxb3 Nxb3 25. Kf2 Na5 26. Ra1 b6
27. c5 Ke6 28. cxb6 axb6 29. Rd1 b5 30. Rxd3 b4 31. Rd8 b3 32. Ke2 Nb7 33. Rb8
Nc5 34. Kd2 Kf5 35. Rb6 Ne6 36. Rxb3 Nd4 37. Rc3 Kf4 38. Rc4 c5 39. Kd3 Kxf3
40. Rxc5 Nb3 41. Rh5 Nc1+ 42. Kd2 Ne2 43. Rh3+ Kf2 44. Rxh7 f5 45. Rf7 f4 46.
h4 f3 47. h5 Ng3 48. h6 Ne4+ 49. Kd1 Ng5 50. Rg7 1-0

[Event "C.to Mondiale U18 femminile"]
[Site "Oropesa del Mar ESP"]
[Date "1998.10.25"]
[Round "1"]
[White "Barbiso, Tiziana"]
[Black "Xu, Yuanyuan"]
[Result "0-1"]
[WhiteElo "1846"]
[BlackElo "2240"]
[PlyCount "58"]
[EventDate "1998.10.25"]

1. e4 c6 2. d4 d5 3. f3 e6 4. Nc3 Bb4 5. Qd3 b6 6. Nge2 Ba6 7. Qe3 Ne7 8. Bd2
O-O 9. O-O-O c5 10. Na4 Qd7 11. Bxb4 cxb4 12. b3 Bb5 13. Nb2 a5 14. Nf4 Bc6 15.
Nfd3 Qb7 16. Ne5 Be8 17. Nbd3 Nbc6 18. Nxc6 Bxc6 19. h4 Bb5 20. g4 Rfc8 21. Ne1
Bxf1 22. Rxf1 a4 23. Kd2 axb3 24. axb3 Rc3 25. Qg5 h6 26. Qf4 Ng6 27. Qh2 dxe4
28. fxe4 Qe7 29. h5 Qg5+ 0-1

[Event "C.to Mondiale U18 femminile"]
[Site "Oropesa del Mar ESP"]
[Date "1998.10.27"]
[Round "3"]
[White "Iwaniuk, Dorota"]
[Black "Barbiso, Tiziana"]
[Result "1/2-1/2"]
[WhiteElo "2195"]
[BlackElo "1846"]
[PlyCount "66"]
[EventDate "1998.10.25"]

1. e4 e6 2. d4 d5 3. Nc3 Nf6 4. e5 Nfd7 5. f4 c5 6. Nf3 Nc6 7. Be3 Qb6 8. Na4
Qa5+ 9. c3 b6 10. Be2 Ba6 11. Bxa6 Qxa6 12. Kf2 Be7 13. Rf1 Rc8 14. Kg1 O-O 15.
b3 cxd4 16. cxd4 Nb4 17. Ne1 f6 18. a3 Nc6 19. b4 Rfe8 20. Nd3 Bf8 21. Nab2 Ne7
22. Qb3 Nf5 23. Bf2 h5 24. b5 Qb7 25. Nb4 Nb8 26. Rac1 Rxc1 27. Rxc1 Rc8 28.
Rc3 Be7 29. N2d3 Bd8 30. h3 h4 31. Qc2 Rxc3 32. Qxc3 Qc7 33. Qxc7 Bxc7 1/2-1/2

[Event "C.to Mondiale U18 femminile"]
[Site "Oropesa del Mar ESP"]
[Date "1998.10.28"]
[Round "4"]
[White "Barbiso, Tiziana"]
[Black "Bekker-Jensen, Anne"]
[Result "0-1"]
[WhiteElo "1846"]
[BlackElo "2070"]
[PlyCount "82"]
[EventDate "1998.10.25"]

1. e4 c5 2. c3 d5 3. exd5 Qxd5 4. d4 e6 5. Nf3 Nf6 6. Be3 cxd4 7. cxd4 Bb4+ 8.
Nc3 O-O 9. Bd3 Nc6 10. O-O Qd8 11. Qe2 Be7 12. a3 a6 13. Rac1 b6 14. Rfd1 Bb7
15. Ne5 Qe8 16. Nxc6 Qxc6 17. d5 exd5 18. Nxd5 Qxd5 19. Bxh7+ Kxh7 20. Rxd5
Bxd5 21. Bxb6 Rfe8 22. Bd4 Kg8 23. Be3 Bd6 24. h3 Bf4 25. Qd2 Bxe3 26. fxe3
Rad8 27. Rd1 Rc8 28. Rc1 Rc4 29. Rxc4 Bxc4 30. Qc3 Bb5 31. Qd4 Re4 32. Qc5 Rc4
33. Qe7 Re4 34. Qc5 Rc4 35. Qe7 Rc1+ 36. Kh2 Rc2 37. b4 Bc6 38. Qd8+ Kh7 39.
Qc8 Rxg2+ 40. Kh1 Be4 41. Qxa6 Rg6+ 0-1

[Event "C.to Mondiale U18 femminile"]
[Site "Oropesa del Mar ESP"]
[Date "1998.10.31"]
[Round "6"]
[White "Barbiso, Tiziana"]
[Black "Greabca, Diana"]
[Result "1/2-1/2"]
[WhiteElo "1846"]
[BlackElo "2020"]
[PlyCount "80"]
[EventDate "1998.10.25"]

1. e4 d5 2. exd5 Nf6 3. d4 Nxd5 4. Nf3 g6 5. c4 Nb6 6. Nc3 Bg7 7. Be3 c6 8. Be2
O-O 9. Rc1 N8d7 10. O-O Re8 11. Qd2 e5 12. c5 Nd5 13. Nxd5 cxd5 14. dxe5 Nxe5
15. Rfd1 Be6 16. Nxe5 Bxe5 17. Bd4 Qf6 18. Bxe5 Qxe5 19. Bf3 Rad8 20. Qd4 Qxd4
21. Rxd4 Re7 22. Rcd1 Rc7 23. b4 b6 24. cxb6 axb6 25. h3 Re7 26. R1d2 Kf8 27.
Bd1 Rc7 28. Bb3 Ke7 29. Kf1 Kf6 30. Ke2 Re7 31. Kf3 h5 32. Rc2 Ke5 33. Rcd2 Rc7
34. Ke2 f5 35. h4 f4 36. g3 Rc3 37. R4d3 Rxd3 38. Kxd3 Bf5+ 39. Ke2 Be4 40. Bc2
Rc8 1/2-1/2

[Event "C.to Mondiale U18 femminile"]
[Site "Oropesa del Mar ESP"]
[Date "1998.11.01"]
[Round "7"]
[White "Gomez-Cabrero Lopez, Maria"]
[Black "Barbiso, Tiziana"]
[Result "1-0"]
[WhiteElo "2115"]
[BlackElo "1846"]
[PlyCount "67"]
[EventDate "1998.10.25"]

1. e4 e6 2. d3 d5 3. Qe2 Be7 4. Nf3 c5 5. g3 Nf6 6. Bg2 Nc6 7. O-O O-O 8. e5
Nd7 9. c4 d4 10. h4 a6 11. h5 b5 12. b3 Bb7 13. Bf4 bxc4 14. bxc4 Rb8 15. Nbd2
Qc7 16. h6 g6 17. Rfe1 Ba8 18. Nh2 Rb2 19. Ng4 Nb4 20. Bxa8 Rxa8 21. Qf3 Rb8
22. Ne4 Nc2 23. Bg5 Nxe1 24. Rxe1 Qd8 25. Ngf6+ Nxf6 26. Bxf6 Rb1 27. Rxb1
Rxb1+ 28. Kg2 Rb8 29. Bxe7 Qxe7 30. Nf6+ Kh8 31. Nd7 Rg8 32. Nxc5 Qg5 33. Qxf7
Qxe5 34. Nd7 1-0

[Event "C.to Mondiale U18 femminile"]
[Site "Oropesa del Mar ESP"]
[Date "1998.11.04"]
[Round "9"]
[White "Moncayo Romero, Evelyn"]
[Black "Barbiso, Tiziana"]
[Result "1-0"]
[WhiteElo "2100"]
[BlackElo "1846"]
[PlyCount "89"]
[EventDate "1998.10.25"]

1. e4 e6 2. d4 d5 3. Nc3 Nf6 4. Bg5 dxe4 5. Nxe4 Be7 6. Nxf6+ Bxf6 7. Bxf6 Qxf6
8. Nf3 Nd7 9. Bd3 O-O 10. Qd2 c5 11. Ng5 g6 12. O-O-O Qxd4 13. Nf3 Qf6 14. h4
e5 15. h5 Qf4 16. Qxf4 exf4 17. Rh4 Nf6 18. hxg6 hxg6 19. Rxf4 Kg7 20. Bc4 Ng4
21. Re1 Nxf2 22. Ng5 Ng4 23. Re7 Nh6 24. Nxf7 Nxf7 25. Rfxf7+ Rxf7 26. Rxf7+
Kg8 27. Rxb7+ Kf8 28. Rc7 Bg4 29. Rf7+ Ke8 30. Rg7 Rd8 31. Bf7+ Ke7 32. Bd5+
Kf6 33. Rf7+ Ke5 34. c4 a6 35. Ra7 Rd6 36. Re7+ Kf6 37. Rc7 Ke5 38. Rxc5 Kd4
39. Rc7 Be2 40. Kd2 Bd3 41. b3 Rf6 42. Bf3 Bb1 43. Rd7+ Kc5 44. Kc3 Bf5 45. b4+
1-0

[Event "XX Festival A"]
[Site "Arco ITA"]
[Date "1998.10.??"]
[Round "1"]
[White "Cacho Reigadas, Sergio"]
[Black "Blum, Gernot"]
[Result "1-0"]
[WhiteElo "2425"]
[BlackElo "2135"]
[PlyCount "107"]
[EventDate "1998.10.24"]

1. Nf3 c5 2. g3 Nf6 3. Bg2 d5 4. O-O Nc6 5. d4 e6 6. c4 Be7 7. cxd5 exd5 8. Nc3
O-O 9. Bg5 Be6 10. Rc1 Rc8 11. dxc5 Bxc5 12. Bxf6 gxf6 13. e3 Qd6 14. Na4 Ne5
15. Nxc5 Rxc5 16. Rxc5 Qxc5 17. Nd4 Rc8 18. Qh5 Nc6 19. Nf5 Ne7 20. Nxe7+ Qxe7
21. Rd1 Qb4 22. Bxd5 Bxd5 23. Rxd5 Rc1+ 24. Kg2 Qe4+ 25. Kh3 Rc2 26. Rd4 Qe6+
27. Qg4+ Qxg4+ 28. Rxg4+ Kf8 29. Rb4 Rxf2 30. Rxb7 a5 31. a4 Kg7 32. Rb5 Kg6
33. b3 Rb2 34. e4 h5 35. g4 hxg4+ 36. Kxg4 Rxh2 37. Kg3 Rc2 38. Kf3 Rc3+ 39.
Ke2 Rg3 40. Kd2 Rg4 41. Rxa5 Rxe4 42. Rc5 f5 43. Rc4 Re8 44. a5 Kg5 45. a6 f4
46. a7 f3 47. Re4 Rd8+ 48. Ke3 Kf6 49. Rb4 Ra8 50. Rb7 Ke6 51. b4 Kd6 52. b5 f5
53. b6 f4+ 54. Kxf3 1-0

[Event "XX Festival A"]
[Site "Arco ITA"]
[Date "1998.10.??"]
[Round "1"]
[White "Crea, Vincenzo"]
[Black "Tatai, Stefano"]
[Result "0-1"]
[WhiteElo "2115"]
[BlackElo "2395"]
[PlyCount "95"]
[EventDate "1998.10.24"]

1. d4 Nf6 2. Nf3 e6 3. Bf4 c5 4. e3 b6 5. Bd3 Bb7 6. Nbd2 Be7 7. c3 Nh5 8. Bg3
Nc6 9. Qe2 Rc8 10. Nc4 Nxg3 11. hxg3 h6 12. Nh4 Qc7 13. f4 Bxh4 14. Rxh4 Ne7
15. g4 cxd4 16. cxd4 Ba6 17. Na3 Bxd3 18. Qxd3 g5 19. Nb5 Qb8 20. Rh3 gxf4 21.
Qa3 Rc2 22. Nd6+ Kf8 23. Rf3 Rc6 24. Nb5 fxe3 25. Rd1 a6 26. Nc3 b5 27. Qb3 d5
28. Ne2 Qh2 29. Qxe3 Qh4+ 30. Qf2 Qxf2+ 31. Rxf2 Rg8 32. Ng1 Rxg4 33. Nf3 Ng6
34. Ke2 Ke7 35. Kf1 f6 36. Kg1 Nf4 37. Kh2 Rc8 38. g3 Nh5 39. Rg1 Ng7 40. Kh3
h5 41. Nh4 Ne8 42. Re1 Kd7 43. Rfe2 Rc6 44. Nf3 Ng7 45. Rd1 Nf5 46. Rg2 Rc8 47.
Rd3 Rcg8 48. Ra3 0-1